The Marvel Cinematic Universe: Phase 2 - Statistics

General Stats
  • This quiz has been taken 31 times
  • The average score is 5 of 6
Answer Stats
Year Movie % Correct
2015 Avengers: Age of Ultron
96%
2013 Iron Man 3
92%
2014 Captain America: The Winter Soldier
88%
2013 Thor: The Dark World
84%
2014 Guardians of the Galaxy
80%
2015 Ant-Man
76%
No matching quizzes found
Score Distribution
Percent of People with Each Score
Percentile by Number Answered
Your Score History
You have not taken this quiz